Berühmte Sozialistische Politiker und Aktivisten - Statistiken

Allgemein
  • Dieses Quiz wurde 376 mal gespielt
  • Das Durchschnittsergebnis liegt bei 11 aus 24
Antwortstatistiken
Bildquiz Antwort % Korrekt
Josef Stalin
94%
Vladimir Lenin
93%
Karl Marx
91%
Mao Zedong
91%
Nelson Mandela
91%
Che Guevara
89%
Martin Luther King Jr.
77%
Fidel Castro
71%
Rosa Luxemburg
71%
Walter Ulbricht
62%
Friedrich Engels
54%
Josip Broz Tito
50%
Bertolt Brecht
48%
Ho Chi Minh
44%
Clara Zetkin
17%
Leo Trotski
17%
Jean Paul Sartre
13%
Salvador Allende
13%
Antonio Gramsci
12%
Noam Chomsky
10%
Simone de Beauvoir
9%
Emiliano Zapata
8%
Peter Kropotkin
6%
Emma Goldman
5%
Keine übereinstimmenden Quizze gefunden
Verteilung der Resultate
Anzahl Personen mit jedem Resultat
Perzentil nach korrekt beantworteten Fragen
Ihre Resultats-Entwicklung
Sie haben dieses Quiz noch nicht gespielt